| 000 | 00483nam a2200193Ia 4500 | ||
|---|---|---|---|
| 003 | GCL | ||
| 008 | 140319s9999 xx 000 0 eng d | ||
| 040 |
_aGCL / _cGCL |
||
| 082 | 0 | 4 |
_a759.0663 _bW P |
| 100 | 1 | _aWOODS, MICHAEL | |
| 245 | 1 | 0 |
_aPARIS AND THE SURREALISTS / _cWOODS, MICHAEL |
| 260 |
_a[S.N] : _bTHAMES AND HUDSON ، _c1991 |
||
| 300 | _a159 | ||
| 650 | 0 | 4 | _aPARIS |
| 650 | 0 | 4 | _aARTS |
| 650 | 0 | 4 | _aPAINTING - ILLUSTRATION |
| 650 | 0 | 4 | _aSURREALISTS |
| 942 |
_2ddc _cBK |
||
| 999 |
_c17581 _d17581 |
||